[Event "Severstal 45 Jubilee"]
[Site "Cherepovets"]
[Date "2000.??.??"]
[Round "13"]
[White "Cheremin, Stepan"]
[Black "Chizhikov, Oleg"]
[Result "1/2-1/2"]
[WhiteElo "2324"]
[BlackElo "2239"]
[PlyCount "26"]
[EventDate "2000.??.??"]
[EventType "tourn"]
[EventRounds "13"]
[EventCountry "RUS"]
[SourceTitle "EXT 2001"]
[Source "ChessBase"]
[SourceDate "2000.11.22"]
[SourceVersion "1"]
[SourceVersionDate "2000.11.22"]
[SourceQuality "1"]

1. d4 Nf6 2. c4 g6 3. Nc3 Bg7 4. e4 0-0 5. Nf3 d6 6. Be2 e5 7. dxe5 dxe5 8. Qxd8 Rxd8 9. Bg5 Re8 10. Nd5 Nxd5 11. cxd5 c6 12. Bc4 cxd5 13. Bxd5 Nd7 1/2-1/2

[Event "Severstal 45 Jubilee"]
[Site "Cherepovets"]
[Date "2000.??.??"]
[Round "10"]
[White "Chizhikov, Oleg"]
[Black "Veliev, Gasan"]
[Result "1/2-1/2"]
[WhiteElo "2239"]
[BlackElo "2318"]
[PlyCount "22"]
[EventDate "2000.??.??"]
[EventType "tourn"]
[EventRounds "13"]
[EventCountry "RUS"]
[SourceTitle "EXT 2001"]
[Source "ChessBase"]
[SourceDate "2000.11.22"]
[SourceVersion "1"]
[SourceVersionDate "2000.11.22"]
[SourceQuality "1"]

1. d4 d5 2. c4 c6 3. cxd5 cxd5 4. Nc3 Nf6 5. Nf3 Nc6 6. e3 e6 7. Bb5 Bd7 8. 0-0 Bd6 9. a3 0-0 10. Qe2 a6 11. Bd3 Rc8 1/2-1/2

[Event "Severstal 45 Jubilee"]
[Site "Cherepovets"]
[Date "2000.??.??"]
[Round "3"]
[White "Ekdyshman, Mikhail"]
[Black "Chizhikov, Oleg"]
[Result "1-0"]
[WhiteElo "2317"]
[BlackElo "2239"]
[PlyCount "99"]
[EventDate "2000.??.??"]
[EventType "tourn"]
[EventRounds "13"]
[EventCountry "RUS"]
[SourceTitle "EXT 2001"]
[Source "ChessBase"]
[SourceDate "2000.11.22"]
[SourceVersion "1"]
[SourceVersionDate "2000.11.22"]
[SourceQuality "1"]

1. d4 Nf6 2. c4 e6 3. Nc3 d5 4. cxd5 exd5 5. Bg5 Be7 6. Qc2 0-0 7. e3 Be6 8. Bd3 Nbd7 9. Nge2 c5 10. dxc5 Nxc5 11. 0-0 Nxd3 12. Qxd3 Qd7 13. Rfd1 Rfd8 14. Nd4 a6 15. a4 b6 16. h3 Qb7 17. Nf5 Bxf5 18. Qxf5 b5 19. axb5 axb5 20. Rxa8 Rxa8 21. Nxd5 Nxd5 22. Qxd5 Qxd5 23. Rxd5 Bxg5 24. Rxg5 Rb8 25. b4 g6 26. Kf1 Kg7 27. Re5 Kf6 28. f4 h6 29. h4 Rb6 30. g4 Kg7 31. g5 hxg5 32. hxg5 Rb7 33. Ke2 f6 34. gxf6+ Kxf6 35. Kd3 Rb6 36. Kd4 Rb8 37. Kc5 Rd8 38. Kxb5 Rd1 39. Kb6 Re1 40. b5 g5 41. Kb7 g4 42. Rg5 Rxe3 43. Rxg4 Rh3 44. Rg1 Kf5 45. Rf1 Rb3 46. b6 Rb2 47. Kc7 Rc2+ 48. Kb8 Rc3 49. b7 Rc2 50. Ra1 1-0

[Event "Severstal 45 Jubilee"]
[Site "Cherepovets"]
[Date "2000.??.??"]
[Round "9"]
[White "Nekrasov, Vladimir"]
[Black "Chizhikov, Oleg"]
[Result "1/2-1/2"]
[WhiteElo "2382"]
[BlackElo "2239"]
[PlyCount "27"]
[EventDate "2000.??.??"]
[EventType "tourn"]
[EventRounds "13"]
[EventCountry "RUS"]
[SourceTitle "EXT 2001"]
[Source "ChessBase"]
[SourceDate "2000.11.22"]
[SourceVersion "1"]
[SourceVersionDate "2000.11.22"]
[SourceQuality "1"]

1. e4 e6 2. d4 d5 3. exd5 exd5 4. Bd3 Bd6 5. Nf3 Nf6 6. 0-0 0-0 7. Re1 Re8 8. Rxe8+ Qxe8 9. Bg5 Ne4 10. Bh4 Bg4 11. h3 Bh5 12. Nbd2 Nxd2 13. Qxd2 Bxf3 14. gxf3 1/2-1/2